| 000 | 00441nam a2200169Ia 4500 | ||
|---|---|---|---|
| 008 | 130318s9999 xx 000 0 und d | ||
| 020 | _a9780070495432 | ||
| 082 | _a005.133J2 SCH/J | ||
| 100 | _aSchildt, Herbert | ||
| 245 | _aJava 2: The complete reference | ||
| 250 | _a5 | ||
| 260 |
_bTata McGraw Hill _aNew Delhi _c2002 |
||
| 300 | _a1154 | ||
| 650 | _aJAVA-2 | ||
| 650 | _aOBJECT ORIENTED PROGRAMMING | ||
| 650 | _aPROGRAMMING LANGUAGE | ||
| 999 |
_c1613 _d1613 |
||